Dům na samotě /
Výtvarnice Nela po rozchodu s přítelem zůstala sama ve starém mlýně, který původně s partnerem chtěli zrekonstruovat. V téže době bylo v nedalekém lese nalezeno tělo mladé dívky, ucházející se o práci v místních dostihových stájích. Při vyšetřování vyjde najevo, že oběť byla spatřena s bývalým Nelin...
Uloženo v:
| Hlavní autor: | |
|---|---|
| Další autoři: | |
| Médium: | E-audiokniha |
| Vydáno: |
Praha :
Albatros Media a.s.,
2024
|
| Tagy: |
Žádné tagy |
| LEADER | 02528nim a22005297i 4500 | ||
|---|---|---|---|
| 001 | 313228 | ||
| 007 | sr nunnnnnnned | ||
| 024 | |a 8594050437975 | ||
| 044 | |a xr | ||
| 100 | 1 | |a Klevisová, Michaela |4 aut | |
| 245 | 1 | 0 | |a Dům na samotě / |c Klevisová, Michaela |
| 264 | 1 | |a Praha : |b Albatros Media a.s., |c 2024 | |
| 300 | |a 1 online zdroj (12 hod., 26 min., 0 sek.) | ||
| 336 | |a mluvené slovo |b spw |2 rdacontent | ||
| 337 | |a audio |b s |2 rdamedia | ||
| 338 | |a online zdroj |b cr |2 rdacarrier | ||
| 505 | 0 | 0 | |t Prolog (7 min., 26 sek.) |
| 505 | 0 | 0 | |t 1.kapitola (12 min., 17 sek.) |
| 505 | 0 | 0 | |t 2.kapitola (24 min., 39 sek.) |
| 505 | 0 | 0 | |t 3.kapitola (41 min., 40 sek.) |
| 505 | 0 | 0 | |t 4.kapitola (26 min., 44 sek.) |
| 505 | 0 | 0 | |t 5.kapitola (37 min., 30 sek.) |
| 505 | 0 | 0 | |t 6.kapitola (32 min., 3 sek.) |
| 505 | 0 | 0 | |t 7.kapitola (40 min., 39 sek.) |
| 505 | 0 | 0 | |t 8.kapitola (29 min., 11 sek.) |
| 505 | 0 | 0 | |t 9.kapitola (53 min., 1 sek.) |
| 505 | 0 | 0 | |t 10.kapitola (36 min., 26 sek.) |
| 505 | 0 | 0 | |t 11.kapitola (25 min., 10 sek.) |
| 505 | 0 | 0 | |t 12.kapitola (46 min., 37 sek.) |
| 505 | 0 | 0 | |t 13.kapitola (38 min., 51 sek.) |
| 505 | 0 | 0 | |t 14.kapitola (37 min., 55 sek.) |
| 505 | 0 | 0 | |t 15.kapitola (41 min., 1 sek.) |
| 505 | 0 | 0 | |t 16.kapitola (20 min., 28 sek.) |
| 505 | 0 | 0 | |t 17.kapitola (26 min., 21 sek.) |
| 505 | 0 | 0 | |t 18.kapitola (26 min., 39 sek.) |
| 505 | 0 | 0 | |t 19.kapitola (22 min., 7 sek.) |
| 505 | 0 | 0 | |t 20.kapitola (20 min., 4 sek.) |
| 505 | 0 | 0 | |t 21.kapitola (42 min., 56 sek.) |
| 505 | 0 | 0 | |t 22.kapitola (23 min., 2 sek.) |
| 505 | 0 | 0 | |t 23.kapitola (28 min., 59 sek.) |
| 505 | 0 | 0 | |t Epilog (3 min., 28 sek.) |
| 520 | 2 | |a Výtvarnice Nela po rozchodu s přítelem zůstala sama ve starém mlýně, který původně s partnerem chtěli zrekonstruovat. V téže době bylo v nedalekém lese nalezeno tělo mladé dívky, ucházející se o práci v místních dostihových stájích. Při vyšetřování vyjde najevo, že oběť byla spatřena s bývalým Neliným přítelem. Dvě podobně provedené vraždy se nedávno staly v Praze, a tak není divu, že dosud poklidnou středočeskou vesnicí začne obcházet strach. | |
| 700 | 1 | |a Stryková, Jana |4 nrt | |
| 910 | |a RBIT002 | ||
| 998 | |d 399649 |a https://core.palmknihy.cz/api/books/399649/cover?shcg5m |b https://core.palmknihy.cz/api/books/399649/cover/400?shcg5m |c https://core.palmknihy.cz/api/books/399649/cover/50?shcg5m |e 2034-12-31 |i 8594050437975 |l 44760 |q 49 |r 1 |s https://www.palmknihy.cz/kniha/399649 |t audiobook |y 2024 |z 1 | ||
| 999 | |d 313226 | ||